[Event "ONGC 53rd National Premier Chess Championship 2015"]
[Site "Hotel Kasi's Inn,Tiruvarur"]
[Date "2015.11.28"]
[Round "13"]
[Board "4"]
[White "Kunte, Abhijit"]
[Black "Sengupta, Deep"]
[Result "1/2-1/2"]
[WhiteElo "2515"]
[BlackElo "2589"]
[PlyCount "61"]
[EventDate "2015.11.15"]
[EventRounds "13"]
[EventCountry "IND"]

1. Nf3 d5 2. d4 e6 3. c4 Nf6 4. g3 dxc4 5. Bg2 a6 6. O-O Nc6 7. e3 Bd7 8. Qe2
b5 9. b3 cxb3 10. axb3 Be7 11. Bd2 O-O 12. Rc1 Nd5 13. Nc3 Nxc3 14. Bxc3 Ra7
15. Ne1 b4 16. Bd2 Nb8 17. Nc2 Bb5 18. Qe1 c5 19. dxc5 Bxc5 20. Bxb4 Nd7 21.
Na3 Qb6 22. Nxb5 axb5 23. Rxa7 Qxa7 24. Bxc5 Nxc5 25. Qc3 Nd7 26. Ra1 Qc5 27.
Qxc5 Nxc5 28. b4 Nd3 29. Rb1 Rc8 30. Bf1 Rc1 31. Rxc1 1/2-1/2

[Event "ONGC 53rd National Premier Chess Championship 2015"]
[Site "Hotel Kasi's Inn,Tiruvarur"]
[Date "2015.11.28"]
[Round "13"]
[Board "5"]
[White "Swapnil, S. Dhopade"]
[Black "Neelotpal, Das"]
[Result "1-0"]
[WhiteElo "2497"]
[BlackElo "2475"]
[PlyCount "119"]
[EventDate "2015.11.15"]
[EventRounds "13"]
[EventCountry "IND"]

1. d4 Nf6 2. c4 e6 3. Nf3 d5 4. Nc3 Be7 5. Bf4 O-O 6. e3 Nbd7 7. cxd5 Nxd5 8.
Nxd5 exd5 9. Bd3 c5 10. O-O cxd4 11. exd4 Nf6 12. Qb3 Bd6 13. Bg5 Qb6 14. Bxf6
Qxb3 15. axb3 gxf6 16. Ne1 Bc7 17. Nc2 Bb6 18. Rfd1 Bg4 19. Rd2 Kg7 20. Ne3 Be6
21. Be2 f5 22. f4 Rfd8 23. Kf2 Rac8 24. g3 Rd6 25. Bf3 a6 26. Ke2 Ba7 27. Rd3
Rcd8 28. Rc1 Rc6 29. Kd1 Rxc1+ 30. Kxc1 a5 31. Kc2 Rc8+ 32. Kd2 Rd8 33. Nc2 Rc8
34. Rc3 Rc6 35. Kd3 Rb6 36. b4 axb4 37. Rb3 Bd7 38. Rxb4 Bb5+ 39. Kd2 Bc6 40.
Rxb6 Bxb6 41. Kc3 Kf6 42. Ne3 Ke6 43. Bg2 h6 44. Bh3 Kf6 45. Bxf5 Ba5+ 46. b4
Bd8 47. Bg4 b6 48. Bc8 Kg6 49. h4 Kf6 50. Bg4 Bb7 51. Bf3 Ke6 52. Ng4 Be7 53.
Nxh6 f5 54. Bh5 Bc6 55. Bg6 Bf8 56. Nxf5 Be8 57. Bh7 Bh5 58. Ne3 Bf3 59. Bg8+
Kd6 60. g4 1-0

[Event "ONGC 53rd National Premier Chess Championship 2015"]
[Site "Hotel Kasi's Inn,Tiruvarur"]
[Date "2015.11.28"]
[Round "13"]
[Board "6"]
[White "Das, Arghyadip"]
[Black "Karthikeyan, Murali"]
[Result "1-0"]
[WhiteElo "2456"]
[BlackElo "2498"]
[PlyCount "181"]
[EventDate "2015.11.15"]
[EventRounds "13"]
[EventCountry "IND"]

1. e4 g6 2. d4 Bg7 3. Nc3 d6 4. f4 Nf6 5. Nf3 O-O 6. e5 dxe5 7. fxe5 Nd5 8. Bc4
Be6 9. Bxd5 Bxd5 10. Nxd5 Qxd5 11. Qe2 e6 12. c4 Qd7 13. Bf4 c5 14. dxc5 Na6
15. O-O Qc7 16. a3 Nxc5 17. b4 Nd7 18. Rac1 Nb6 19. Be3 Rfc8 20. Bc5 Nxc4 21.
Rxc4 b6 22. Ng5 bxc5 23. Rxf7 Qb6 24. bxc5 Rxc5 25. Rxg7+ Kxg7 26. Nxe6+ Qxe6
27. Rxc5 Qb6 28. Qb5 h5 29. a4 Rd8 30. Qxb6 axb6 31. Rc7+ Kh6 32. e6 Re8 33.
Rc6 Ra8 34. e7 Kg7 35. Rd6 Re8 36. Rxb6 Rxe7 37. Rb1 Ra7 38. Ra1 Ra5 39. Kf2
Kf6 40. Ke3 Ke5 41. Kd3 Kd6 42. Kc4 Kc7 43. Ra2 Kb6 44. Kd4 Rg5 45. a5+ Ka6 46.
Ke4 Rf5 47. Rd2 Rxa5 48. Rd6+ Kb7 49. Rxg6 h4 50. h3 Rh5 51. Kf4 Kc7 52. Kg4
Rh8 53. Kg5 Kd7 54. Kf6 Ke8 55. Rg5 Kf8 56. Ra5 Rh6+ 57. Kg5 Rc6 58. Kxh4 Kg7
59. Ra3 Kg6 60. g4 Rb6 61. Kg3 Rc6 62. h4 Rb6 63. h5+ Kh6 64. Kh4 Rb4 65. Ra5
Rc4 66. Re5 Rb4 67. Re6+ Kg7 68. Kg5 Rb5+ 69. Kf4 Rb1 70. Kf5 Rf1+ 71. Kg5 Ra1
72. Re7+ Kg8 73. h6 Ra6 74. Kh5 Rb6 75. g5 Rb5 76. Kg6 Rb8 77. Rg7+ Kh8 78. Rf7
Kg8 79. Rf5 Rb6+ 80. Kh5 Rb1 81. g6 Rh1+ 82. Kg5 Rg1+ 83. Kf6 Rg2 84. Rd5 Rf2+
85. Kg5 Rg2+ 86. Kf5 Rf2+ 87. Ke4 Re2+ 88. Kf3 Re8 89. Kf4 Ra8 90. Kg5 Rb8 91.
h7+ 1-0

[Event "ONGC 53rd National Premier Chess Championship 2015"]
[Site "Hotel Kasi's Inn,Tiruvarur"]
[Date "2015.11.28"]
[Round "13"]
[Board "7"]
[White "Sethuraman, S.P."]
[Black "Karthikeyan, P."]
[Result "1/2-1/2"]
[WhiteElo "2651"]
[BlackElo "2441"]
[PlyCount "59"]
[EventDate "2015.11.15"]
[EventRounds "13"]
[EventCountry "IND"]

1. e4 e5 2. Nf3 Nc6 3. Bb5 a6 4. Ba4 Nf6 5. O-O Be7 6. d3 d6 7. c3 O-O 8. Re1
Re8 9. Nbd2 Bf8 10. Nf1 Bd7 11. Bg5 h6 12. Bh4 Be7 13. Ne3 b5 14. Bc2 Ng4 15.
Bxe7 Nxe7 16. a4 Nxe3 17. fxe3 Ng6 18. Rf1 c6 19. Bb3 Be6 20. Bxe6 Rxe6 21. Qb3
Qb6 22. d4 Rb8 23. axb5 axb5 24. Qa2 b4 25. c4 exd4 26. Nxd4 Rxe4 27. c5 Qxc5
28. Qxf7+ Kh7 29. Nf5 Qe5 30. Ra7 1/2-1/2